La Tierra de Hotu Matu'a: Historia, Etnología y Lengua de la Isla de Pascua

Uloženo v:
Podrobná bibliografie
Hlavní autor: Englert, Sebastián (Autor)
Médium: Kniha
Jazyk:španělština
Vydáno: Santiago San Francisco 1948
Vydání:1a. ed
Témata:
Tagy: Přidat tag
Žádné tagy, Buďte první, kdo vytvoří štítek k tomuto záznamu!

MARC

LEADER 00000nam a2200000 a 4500
001 UCJ3423
003 CL-VaPUC
005 20250108094714.0
008 070124e19480000CL |||||||||||||||||spa|d
999 |c 319545  |d 319543 
040 |c Pontificia Universidad Católica de Valparaíso 
082 0 4 |a 918.3  |b ENG  |2 21 
100 0 |a Englert, Sebastián  |e author  |9 468075 
245 1 3 |a La Tierra de Hotu Matu'a: Historia, Etnología y Lengua de la Isla de Pascua 
250 |a 1a. ed 
260 |a Santiago  |b San Francisco  |c 1948 
300 |a 533 p 
500 |a Ilustraciones y mapa desplegable; gramática, diccionario y lecturas en lengua Rapa Nui. Apéndice arqueológico 
583 |a last modification  |c 20070124 00:00:00  |k Rodrigo Vera 
600 0 7 |a ROGGEVEEN, JAKOB  |2 CL-VaPUC  |9 505236 
600 0 7 |a BEHRENS, CARL FRIEDRICH  |2 CL-VaPUC  |9 505237 
600 0 7 |a GONZALEZ, FELIPE  |2 CL-VaPUC  |9 505238 
600 0 7 |a COOK, JAMES  |2 CL-VaPUC  |9 505239 
600 0 7 |a FORSTER, J. REINHOLD  |2 CL-VaPUC  |9 505240 
600 0 7 |a FORSTER, GEORG  |2 CL-VaPUC  |9 505241 
600 0 |a La Pérouse, Jean François de Galaup, Conde de  |d 1741-1788  |9 859734 
600 0 7 |a Kotzebue, Otto von  |d 1787-1846  |9 859641 
600 0 7 |a BEECHEY, FREDERICK WILLIAM  |2 CL-VaPUC  |9 505243 
600 0 7 |a DU PETIT THOUARS, AUBERT  |2 CL-VaPUC  |9 505244 
600 0 7 |a EYRAUD, EUGENIO  |2 CL-VaPUC  |9 505245 
600 0 7 |a ROUSSEL, HIPPOLYTE  |2 CL-VaPUC  |9 505246 
600 0 7 |a ZUMBOHN, GASPAR  |2 CL-VaPUC  |9 505247 
600 0 7 |a OLLIVIER, PACOME  |2 CL-VaPUC  |9 505248 
600 0 7 |a JAUSSEN, T.  |2 CL-VaPUC  |9 505249 
650 0 |a Etnología   |9 258726 
650 0 |a Antropología   |9 233030 
650 0 |a Arqueología   |9 265619 
650 0 |a Genealogía  |9 255285 
650 0 |a Religión   |9 255164 
650 0 |a Mitología   |9 255719 
650 0 |a Recursos naturales  |9 255232 
650 0 |a Colonización  |9 265172 
650 0 |a Cronología   |9 268356 
650 7 |a ISLAS CHILENAS  |2 CL-VaPUC  |9 505250 
651 0 |a Isla de Pascua  |9 261357 
852 |a BIBCUR 
942 |c BK  |2 ddc 
945 |d 20070124 00:00:00  |a rinostro 
952 |0 0  |1 0  |4 0  |6 918_300000000000000_ENG_1948  |7 0  |8 X  |9 397886  |a FDOBUD  |b FDOBUD  |d 2019-11-22  |i 1003631  |o 918.3 ENG 1948  |p 1003631  |r 2019-11-22  |w 2019-11-22  |y BK_X  |k BUD 
952 |0 0  |1 0  |4 0  |6 918_300000000000000_ENG_1948  |7 0  |8 X  |9 397887  |a FDOBUD  |b FDOBUD  |d 2019-11-22  |i 1003658  |o 918.3 ENG 1948  |p 1003658  |r 2019-11-22  |w 2019-11-22  |y BK_X  |k BUD